000 01019nam0a2200301 4500
001 RU\NLR\BIBL_A\022549096
005 20250806205642.0
035 _a(NLR Aleph) 022549096
090 _a88374
_c88374
100 _a20250523a1941 u y0rusy50 ca
101 0 _aarm
102 _aAM
105 _ay z 000 y
181 0 _ai
_baxxe
182 0 _an
200 1 _aԽաղալիքներ
_fԱ.Բարտո
203 _aТекст
_bвизуальный
_cнепосредственный
210 _aԵրեվան
_cՀայպետհրատ
_d1941
215 _a6 с.
_c4 закладки
_d13
541 1 _6z01790
_aИгрушки
_zrus
700 1 _aԲարտո
_bԱ.
_gԱնգիյա Լվովնա
_4070
790 1 _6z01541
_aБарто
_bА. Л.
_f1906-1981
_gАгния Львовна
_3RU\NLR\AUTH\771526
942 _cBOOK
945 _aРоссийская национальная библиотека
_aНациональная библиотека Армении
980 _aNB
980 _aBV
980 _aBV